000 01335naa a22003137a 4500
001 BR8203487
003 BR-BrBNA
005 20250721143203.0
007 ta
008 250630b bl.|||m| |||| 00| 0 por d
040 _aBR-BrBNA
_bpor
_cBiblioteca Nacional de Agricultura
041 _a(Pt)
072 _aL30; L50
_b1980
_b0180
_b8954
_b1956
_b5212
_bG514
090 _aL30 BR8203487
100 1 _aNobre, F.V.
111 1 _a1. Simposio Brasileiro sobre Algaroba
_cNatal, RN (Brazil)
_d5 Oct 1982
245 1 _aSubstituicao do farelo de trigo (Triticum vulgare)pelo fruto triturado da algarobeira (Prosis juliflora (SW)D.C.), ALIMENTACAO DE VACAS EM LACTACAO [Brasil]
500 _aAlgaroba Natal, RN (Brasil): 1982. p. 344-359 [Summaries (En, Pt); 10 ref.] (BR8203487-AMS)
773 0 _t(*)Documento disponível na(o)Valor nutritivo da algaroba (Prosopis juliflora (S.W.)D.C.), na alimentacao de suinos.
_aSilva, A.M. de A. - Universidade Federal de Vicosa, MG (Brasil)
_w6300 BR8800213
_gVicosa, MG (Brasil), 1986.
_q46 p.
650 _aALGAROBA
650 _aTRIGO
650 _aFARELO
650 _aVACA
650 _aLACTACAO
650 _aRACAO
490 _aDocumentos - Empresa de Pesquisa Agropecuaria do Rio Grande do Norte S.A. (Brazil)
_vno. 7
942 _cAMS
_2AGRIS
909 _a202506
_bLúcia
_c55
_dLúcia Elande
999 _c334203
_d334203